Organizational Psychology and Development : A Reader for Students and Practitioners /

Kaydedildi:
Detaylı Bibliyografya
Yazar: Cooper, Cary L. (ed.)
Diğer Yazarlar: Robertson, Ivan T. (edición) (edición)
Materyal Türü: Kitap
Dil:İngilizce
Baskı/Yayın Bilgisi: Sussex Occidental, Inglaterra: Wiley, 2001, c2001
Seri Bilgileri:(Key Issues in Industrial and Organizational Psychology)
Konular:
Etiketler: Etiketle
Etiket eklenmemiş, İlk siz ekleyin!

MARC

LEADER 00000nam^a2200000^a^4500
001 000184475
005 20250521000000.0
009 20260310102116.075
020 |a 0-471-49556-5 
037 |a Acervo ITESO - Biblioteca 
041 |a ING 
082 |a 158. 7  |b COO 
100 |a Cooper, Cary L.  |e (ed.) 
245 1 0 |a Organizational Psychology and Development :  |b A Reader for Students and Practitioners /  |c Ed. de C.L. Cooper, I.T. Robertson. 
264 4 |a Sussex Occidental, Inglaterra:  |b Wiley,  |c 2001, c2001 
300 |a XIV, 440 p. 
336 |a texto  |b txt  |2 rdacontenido 
337 |a sin mediación  |b n  |2 rdamedio 
338 |a volumen  |b nc  |2 rdasoporte 
440 1 |a (Key Issues in Industrial and Organizational Psychology) 
649 |a XX 
650 |a Cultura Organizacional -  |x Aspectos Psicológicos 
650 |a Comunicación Organizacional 
650 |a Evaluación del Desempeño 
650 |a Motivación Laboral 
650 |a Trabajo en Equipo 
650 |a Redes de Computadoras -  |x Aspectos Psicológicos 
650 |a Automatización 
650 |a Cambios Sociales y Culturales 
650 |a Comportamiento Organizacional 
650 |a Comportamiento Social 
650 |a Calidad de Vida 
650 |a Recursos Humanos 
650 |a Proceso Administrativo -  |x Dirección 
650 |a Empresas -  |x Administración 
650 |a Psicología Laboral 
700 |a Robertson, Ivan T.  |e (edición) 
910 |a Fondo General 
920 |a Impresos - Libros 
930 |a Colección General 
905 |a 101 
901 |a 0500125314  |b IT1  |c ACC  |u 20250521 
902 |a https://opac.biblio.iteso.mx/vufind/Record/000184475